[Event "2. Cerrado U.E.Montcada 2014"]
[Site "Montcada i Reixac ESP"]
[Date "2014.02.20"]
[Round "5.4"]
[White "Luna Cortes, Luis"]
[Black "Ryan, Joe"]
[Result "1/2-1/2"]
[WhiteElo "2181"]
[BlackElo "2263"]
[PlyCount "148"]
[EventDate "2014.02.06"]
[EventType "tourn"]
[EventRounds "9"]
[EventCountry "ESP"]
[Source "lmi"]
[SourceDate "2014.02.06"]

1. Nf3 d5 2. d4 Nf6 3. c4 e6 4. Nc3 Bb4 5. Qc2 c5 6. cxd5 exd5 7. e3 Nc6 8.
dxc5 O-O 9. Be2 Bxc5 10. O-O Qe7 11. Na4 Bd6 12. a3 Bg4 13. Nc3 Rad8 14. Nb5
Bb8 15. Rd1 Rfe8 16. Nbd4 Ne5 17. Bd2 Nxf3+ 18. Nxf3 Ne4 19. Be1 Qd6 20. g3 Qh6
21. Nd4 Bd7 22. Qb3 Bc6 23. Rac1 Be5 24. Bf3 Ng5 25. Bg2 Bxd4 26. Rxd4 Qf6 27.
Qd1 Ne4 28. b3 g6 29. a4 h5 30. h4 a6 31. Rc2 Kh7 32. Ba5 Rc8 33. Bh3 Ra8 34.
Bb4 Re5 35. Ba3 Rae8 36. Bb2 Nxg3 37. Rf4 Qxf4 38. exf4 Re1+ 39. Qxe1 Rxe1+ 40.
Kh2 Ne2 41. Be5 f6 42. Bxf6 Nxf4 43. Kg3 Nxh3 44. Kxh3 Kg8 45. Rd2 Kf7 46. Bb2
Ke6 47. Kg3 Kf5 48. Kf3 g5 49. hxg5 Kxg5 50. Bd4 h4 51. Be3+ Kf5 52. Rd4 h3 53.
Kg3 Rb1 54. b4 Bxa4 55. Kxh3 Ke5 56. Kg4 Rd1 57. f4+ Ke6 58. Bd2 Bc2 59. Kf3
Be4+ 60. Ke3 Ra1 61. Ke2 Ra2 62. Kd1 b6 63. Be3 a5 64. Rd2 Rxd2+ 65. Kxd2 axb4
66. Bxb6 Kf5 67. Ke3 b3 68. Bd4 Ke6 69. Kd2 Bc2 70. Be5 Kf5 71. Ke3 Kg4 72. Ba1
Kg3 73. Kd4 Be4 74. f5 Bxf5 1/2-1/2

[Event "2. Cerrado U.E.Montcada 2014"]
[Site "Montcada i Reixac ESP"]
[Date "2014.02.20"]
[Round "5.5"]
[White "Sanchez Ibern, Marc"]
[Black "Dalo, Hermes"]
[Result "1/2-1/2"]
[WhiteElo "2382"]
[BlackElo "2209"]
[PlyCount "20"]
[EventDate "2014.02.06"]
[EventType "tourn"]
[EventRounds "9"]
[EventCountry "ESP"]
[Source "lmi"]
[SourceDate "2014.02.06"]

1. Nf3 Nf6 2. b3 g6 3. Bb2 Bg7 4. e3 O-O 5. Be2 d6 6. O-O e5 7. d3 Nc6 8. Nbd2
a5 9. a3 h6 10. c4 Re8 1/2-1/2

[Event "2. Cerrado U.E.Montcada 2014"]
[Site "Montcada i Reixac ESP"]
[Date "2014.02.23"]
[Round "6.1"]
[White "Asensio Linan, Teodoro"]
[Black "Dalo, Hermes"]
[Result "0-1"]
[WhiteElo "2199"]
[BlackElo "2209"]
[PlyCount "86"]
[EventDate "2014.02.06"]
[EventType "tourn"]
[EventRounds "9"]
[EventCountry "ESP"]
[Source "lmi"]
[SourceDate "2014.02.06"]

1. d4 Nf6 2. c4 g6 3. Nc3 Bg7 4. e4 d6 5. Bd3 O-O 6. Nge2 Nc6 7. f3 e5 8. d5
Ne7 9. Be3 Nd7 10. O-O f5 11. exf5 gxf5 12. f4 e4 13. Bc2 Nf6 14. h3 c5 15. Rb1
a5 16. a3 Bd7 17. b4 axb4 18. axb4 b6 19. Qd2 Qc7 20. bxc5 bxc5 21. Nb5 Bxb5
22. Rxb5 Rfb8 23. Rfb1 Rxb5 24. Rxb5 Rb8 25. Rxb8+ Qxb8 26. Qa5 Nd7 27. Kf2 Kf7
28. Qa4 Nf6 29. Qa6 Nd7 30. Ba4 Qb6 31. Qa8 Nf6 32. Bd2 Qb1 33. Be3 Qd3 34. Qb8
Qxc4 35. Qxd6 Nfxd5 36. Qd7 Bd4 37. Bxd4 cxd4 38. Bb5 Qc5 39. Kg3 d3 40. Ng1
Qxg1 41. Qe8+ Kg7 42. Bxd3 exd3 43. Kh4 Qe1+ 0-1

[Event "2. Cerrado U.E.Montcada 2014"]
[Site "Montcada i Reixac ESP"]
[Date "2014.02.23"]
[Round "6.2"]
[White "Ryan, Joe"]
[Black "Sanchez Ibern, Marc"]
[Result "1/2-1/2"]
[WhiteElo "2263"]
[BlackElo "2382"]
[PlyCount "61"]
[EventDate "2014.02.06"]
[EventType "tourn"]
[EventRounds "9"]
[EventCountry "ESP"]
[Source "lmi"]
[SourceDate "2014.02.06"]

1. e4 c5 2. Nf3 Nf6 3. e5 Nd5 4. g3 g6 5. Bg2 Bg7 6. O-O O-O 7. d4 d6 8. exd6
Qxd6 9. dxc5 Qxc5 10. Ng5 Nc7 11. c3 Nc6 12. Be3 Qb5 13. Qc1 Bf5 14. Na3 Qa4
15. Qd1 Qxd1 16. Rfxd1 Rfd8 17. Ne4 Bg4 18. Rxd8+ Nxd8 19. Nc5 h5 20. h3 Bf5
21. Nc4 Rb8 22. Bf4 Rc8 23. Nxb7 Nce6 24. Nxd8 Nxf4 25. Nc6 Nxh3+ 26. Bxh3 Rxc6
27. Bxf5 Rxc4 28. Bh3 f5 29. Rd1 Bf6 30. Rd2 e6 31. Bf1 1/2-1/2

[Event "2. Cerrado U.E.Montcada 2014"]
[Site "Montcada i Reixac ESP"]
[Date "2014.02.23"]
[Round "6.3"]
[White "Muñoz Pantoja, Miguel"]
[Black "Luna Cortes, Luis"]
[Result "1/2-1/2"]
[WhiteElo "2462"]
[BlackElo "2181"]
[PlyCount "29"]
[EventDate "2014.02.06"]
[EventType "tourn"]
[EventRounds "9"]
[EventCountry "ESP"]
[Source "lmi"]
[SourceDate "2014.02.06"]

1. e4 c5 2. Nf3 g6 3. c4 Nc6 4. d4 cxd4 5. Nxd4 Bg7 6. Be3 Nf6 7. Nc3 d6 8. Be2
Bd7 9. O-O O-O 10. Qd2 Rc8 11. f3 Ne5 12. b3 a6 13. Rac1 Bc6 14. a4 Qc7 15.
Rfd1 1/2-1/2

[Event "2. Cerrado U.E.Montcada 2014"]
[Site "Montcada i Reixac ESP"]
[Date "2014.02.23"]
[Round "6.4"]
[White "Rojas Keim, Luis"]
[Black "Vidarte Morales, Arturo"]
[Result "1/2-1/2"]
[WhiteElo "2408"]
[BlackElo "2320"]
[PlyCount "27"]
[EventDate "2014.02.06"]
[EventType "tourn"]
[EventRounds "9"]
[EventCountry "ESP"]
[Source "lmi"]
[SourceDate "2014.02.06"]

1. d4 Nf6 2. Bg5 d5 3. Bxf6 exf6 4. e3 Bd6 5. c4 dxc4 6. Bxc4 O-O 7. Nc3 c6 8.
Nf3 f5 9. Qc2 g6 10. h3 Nd7 11. O-O Nf6 12. Rab1 Qe7 13. a3 a5 14. Nd2 1/2-1/2

[Event "2. Cerrado U.E.Montcada 2014"]
[Site "Montcada i Reixac ESP"]
[Date "2014.02.23"]
[Round "6.5"]
[White "Gomez Jurado, Luis Alberto"]
[Black "Ramirez Garcia, Jorge Alberto"]
[Result "1-0"]
[WhiteElo "2312"]
[BlackElo "2302"]
[PlyCount "91"]
[EventDate "2014.02.06"]
[EventType "tourn"]
[EventRounds "9"]
[EventCountry "ESP"]
[Source "lmi"]
[SourceDate "2014.02.06"]

1. c4 e5 2. g3 Nf6 3. Bg2 c6 4. d4 Bb4+ 5. Bd2 Bxd2+ 6. Qxd2 exd4 7. Qxd4 d5 8.
Nc3 dxc4 9. Qxc4 Qb6 10. Nf3 Be6 11. Qd3 Na6 12. O-O Rd8 13. Qb1 h6 14. a4 O-O
15. a5 Qc5 16. Rc1 Qh5 17. Ra4 Rd7 18. h3 Rfd8 19. g4 Qc5 20. b4 Qe7 21. e3 Nd5
22. Nxd5 Bxd5 23. Nd4 Bxg2 24. Kxg2 Rd5 25. b5 cxb5 26. Nxb5 Qd7 27. Rd4 Re8
28. Rcd1 Rxd4 29. Rxd4 Qc6+ 30. Kg1 g6 31. Nd6 Re7 32. Ne4 Re8 33. f3 Rc8 34.
Rd1 b6 35. Qa1 bxa5 36. Nf6+ Kf8 37. Nd5 f6 38. Qxa5 Qd6 39. f4 Rc5 40. Qa1 Kf7
41. Nxf6 Ra5 42. Ne4 Qb6 43. Qc3 Nc5 44. Nd6+ Kg8 45. Nc4 Qc6 46. Rd8+ 1-0

[Event "2. Cerrado U.E.Montcada 2014"]
[Site "Montcada i Reixac ESP"]
[Date "2014.02.27"]
[Round "7.1"]
[White "Ramirez Garcia, Jorge Alberto"]
[Black "Asensio Linan, Teodoro"]
[Result "1-0"]
[WhiteElo "2302"]
[BlackElo "2199"]
[PlyCount "107"]
[EventDate "2014.02.06"]
[EventType "tourn"]
[EventRounds "9"]
[EventCountry "ESP"]
[Source "lmi"]
[SourceDate "2014.02.06"]

1. d4 g6 2. e4 Bg7 3. c3 d5 4. Nd2 Nh6 5. Bd3 c6 6. Ne2 O-O 7. h4 Nd7 8. h5 e5
9. Nf3 Ng4 10. hxg6 fxg6 11. exd5 e4 12. Bxe4 Ndf6 13. Bd3 Nxd5 14. Ng3 Re8+
15. Kf1 Qc7 16. Ne2 a5 17. Bd2 b5 18. Qc1 Rf8 19. Qc2 Bd7 20. Re1 Rae8 21. Qc1
Rf7 22. c4 bxc4 23. Bxc4 Qb6 24. Nc3 Rxe1+ 25. Bxe1 Be6 26. Na4 Qa7 27. Nc5 Bf5
28. Bc3 Re7 29. Qd2 a4 30. Nh4 Bb1 31. Rh3 Bh6 32. Qd1 Ne5 33. Bxd5+ cxd5 34.
Qxb1 Qb6 35. dxe5 Qxc5 36. Qd3 Rf7 37. Rf3 Re7 38. g3 Bg7 39. Kg2 Bxe5 40. Bxe5
Rxe5 41. Nxg6 Re8 42. Nf4 Qc4 43. Qxd5+ Qxd5 44. Nxd5 Re2 45. Ra3 Rxb2 46. Rxa4
Kf7 47. Ra7+ Kg6 48. a4 h5 49. Nf4+ Kg5 50. Rg7+ Kf5 51. Nxh5 Ra2 52. Ra7 Kg4
53. Nf6+ Kf5 54. Nd5 1-0

[Event "2. Cerrado U.E.Montcada 2014"]
[Site "Montcada i Reixac ESP"]
[Date "2014.02.27"]
[Round "7.2"]
[White "Vidarte Morales, Arturo"]
[Black "Gomez Jurado, Luis Alberto"]
[Result "1/2-1/2"]
[WhiteElo "2320"]
[BlackElo "2312"]
[PlyCount "31"]
[EventDate "2014.02.06"]
[EventType "tourn"]
[EventRounds "9"]
[EventCountry "ESP"]
[Source "lmi"]
[SourceDate "2014.02.06"]

1. c4 Nf6 2. Nc3 e6 3. d4 d5 4. cxd5 exd5 5. Bg5 Be7 6. e3 h6 7. Bf4 c6 8. Bd3
Nbd7 9. Nf3 Nh5 10. Be5 Nxe5 11. dxe5 g6 12. Nd4 Ng7 13. O-O Ne6 14. f4 Nxd4
15. exd4 Qb6 16. Ne2 1/2-1/2

[Event "2. Cerrado U.E.Montcada 2014"]
[Site "Montcada i Reixac ESP"]
[Date "2014.02.27"]
[Round "7.3"]
[White "Luna Cortes, Luis"]
[Black "Rojas Keim, Luis"]
[Result "0-1"]
[WhiteElo "2181"]
[BlackElo "2408"]
[PlyCount "98"]
[EventDate "2014.02.06"]
[EventType "tourn"]
[EventRounds "9"]
[EventCountry "ESP"]
[Source "lmi"]
[SourceDate "2014.02.06"]

1. Nf3 e6 2. c4 b6 3. Nc3 Bb7 4. e4 Bb4 5. Qb3 Nc6 6. d4 a5 7. Bd3 a4 8. Qc2 a3
9. d5 exd5 10. cxd5 Nce7 11. bxa3 Bc5 12. O-O Nf6 13. Na4 d6 14. Nxc5 bxc5 15.
Rb1 Bc8 16. Bb2 O-O 17. e5 dxe5 18. Bxe5 Rxa3 19. Bxf6 gxf6 20. Bxh7+ Kg7 21.
Be4 Qd6 22. Nd2 Ba6 23. Rfd1 Ra8 24. Ra1 Bb5 25. Nc4 Bxc4 26. Qxc4 R8a4 27. Qc2
c4 28. Qe2 c3 29. Bc2 Rxa2 30. Rac1 Ng6 31. Qd3 Rh4 32. h3 Ra3 33. Re1 Rh5 34.
Rcd1 Rg5 35. g3 Ra5 36. Qxc3 Rc5 37. Qb3 Nf4 38. Be4 Nxh3+ 39. Kg2 Nf4+ 40. Kf3
Nh5 41. Kg2 f5 42. Bf3 Nxg3 43. fxg3 Qxg3+ 44. Kf1 Qh3+ 45. Ke2 Rg2+ 46. Ke3
Qg3 47. Kd4 Rcc2 48. Qe3 Qh4+ 49. Ke5 Qf6+ 0-1

[Event "2. Cerrado U.E.Montcada 2014"]
[Site "Montcada i Reixac ESP"]
[Date "2014.02.27"]
[Round "7.4"]
[White "Sanchez Ibern, Marc"]
[Black "Muñoz Pantoja, Miguel"]
[Result "0-1"]
[WhiteElo "2382"]
[BlackElo "2462"]
[PlyCount "66"]
[EventDate "2014.02.06"]
[EventType "tourn"]
[EventRounds "9"]
[EventCountry "ESP"]
[Source "lmi"]
[SourceDate "2014.02.06"]

1. Nf3 c5 2. g3 Nc6 3. d4 cxd4 4. Nxd4 g6 5. Bg2 Bg7 6. Nb3 Nf6 7. Nc3 O-O 8.
O-O d6 9. e4 Bg4 10. f3 Be6 11. Nd5 a5 12. a4 Nb4 13. Nxb4 axb4 14. Be3 Nd7 15.
Nd4 Bc4 16. Re1 d5 17. b3 Ba6 18. exd5 Nf6 19. Qd2 Nxd5 20. Bh6 Bxh6 21. Qxh6
Qb6 22. Qd2 Rfd8 23. Qf2 Nc3 24. Nb5 Qxf2+ 25. Kxf2 Rd2+ 26. Kg1 Ne2+ 27. Kh1
Rxc2 28. Bf1 Bxb5 29. axb5 Rxa1 30. Rxa1 Nd4 31. b6 Nxb3 32. Ra4 Nd2 33. Bd3
Rc3 0-1

[Event "2. Cerrado U.E.Montcada 2014"]
[Site "Montcada i Reixac ESP"]
[Date "2014.02.27"]
[Round "7.5"]
[White "Dalo, Hermes"]
[Black "Ryan, Joe"]
[Result "1-0"]
[WhiteElo "2209"]
[BlackElo "2263"]
[PlyCount "79"]
[EventDate "2014.02.06"]
[EventType "tourn"]
[EventRounds "9"]
[EventCountry "ESP"]
[Source "lmi"]
[SourceDate "2014.02.06"]

1. d4 g6 2. c4 Bg7 3. e4 Nc6 4. Nf3 d6 5. Be2 Bg4 6. Be3 Bxf3 7. Bxf3 e5 8. d5
Nd4 9. Bxd4 exd4 10. Nd2 Ne7 11. O-O O-O 12. Rc1 c5 13. Be2 Qa5 14. a3 d3 15.
Bxd3 Bxb2 16. Rb1 Qxa3 17. Qc2 Bg7 18. Rxb7 Nc8 19. Nb1 Qa1 20. Rb3 Qf6 21. Nc3
Nb6 22. Ra1 Rfb8 23. Raa3 h5 24. Nb5 Qe7 25. Ra6 Be5 26. Bf1 Rb7 27. Nxa7 Rbxa7
28. Raxb6 Ra2 29. Qb1 Qh4 30. g3 Qf6 31. f4 Bd4+ 32. Kh1 Kg7 33. e5 Qd8 34.
Rxd6 Qa5 35. Rb7 Kf8 36. Rxf7+ Kxf7 37. Qxg6+ Ke7 38. Qg7+ Ke8 39. Qd7+ Kf8 40.
Rf6+ 1-0

[Event "2. Cerrado U.E.Montcada 2014"]
[Site "Montcada i Reixac ESP"]
[Date "2014.03.02"]
[Round "8.1"]
[White "Asensio Linan, Teodoro"]
[Black "Ryan, Joe"]
[Result "1-0"]
[WhiteElo "2199"]
[BlackElo "2263"]
[PlyCount "71"]
[EventDate "2014.02.06"]
[EventType "tourn"]
[EventRounds "9"]
[EventCountry "ESP"]
[Source "lmi"]
[SourceDate "2014.02.06"]

1. d4 g6 2. e4 Bg7 3. Nc3 c6 4. Nf3 d5 5. h3 Nf6 6. e5 Ne4 7. Nxe4 dxe4 8. Ng5
c5 9. Bc4 O-O 10. e6 f6 11. Nxe4 b5 12. Nxc5 bxc4 13. Qf3 Qxd4 14. Be3 Qxb2 15.
O-O Bb7 16. Nxb7 Qb5 17. Na5 Na6 18. Nc6 Rae8 19. Rab1 Qa4 20. Rb7 Qxc2 21.
Rxa7 Nb8 22. Nxe7+ Kh8 23. Qb7 g5 24. Nf5 Rg8 25. Nxg7 Rd8 26. Nf5 Qxf5 27. Rc1
g4 28. h4 g3 29. fxg3 Rxg3 30. Bg5 Rxg5 31. hxg5 Rg8 32. Rxc4 Qd3 33. Qe4 Qd1+
34. Kh2 Qh5+ 35. Qh4 Qg6 36. Rcc7 1-0

[Event "2. Cerrado U.E.Montcada 2014"]
[Site "Montcada i Reixac ESP"]
[Date "2014.03.02"]
[Round "8.2"]
[White "Muñoz Pantoja, Miguel"]
[Black "Dalo, Hermes"]
[Result "1-0"]
[WhiteElo "2462"]
[BlackElo "2209"]
[PlyCount "59"]
[EventDate "2014.02.06"]
[EventType "tourn"]
[EventRounds "9"]
[EventCountry "ESP"]
[Source "lmi"]
[SourceDate "2014.02.06"]

1. e4 c5 2. Nf3 e6 3. c4 Nc6 4. d4 cxd4 5. Nxd4 Nf6 6. Nc3 Bb4 7. Nxc6 bxc6 8.
Bd3 e5 9. O-O O-O 10. Ne2 Bc5 11. h3 h6 12. Rb1 d5 13. exd5 cxd5 14. b4 Be7 15.
c5 Bb7 16. f4 e4 17. Bc2 Ba6 18. Bb2 Bc4 19. a3 Nh5 20. Nd4 g6 21. Nc6 Qd7 22.
Ne5 Qe6 23. f5 Qa6 24. Nxc4 dxc4 25. Bxe4 Rad8 26. Qg4 Bg5 27. fxg6 fxg6 28.
Rxf8+ Kxf8 29. Rf1+ Kg8 30. b5 1-0

[Event "2. Cerrado U.E.Montcada 2014"]
[Site "Montcada i Reixac ESP"]
[Date "2014.03.02"]
[Round "8.3"]
[White "Rojas Keim, Luis"]
[Black "Sanchez Ibern, Marc"]
[Result "1/2-1/2"]
[WhiteElo "2408"]
[BlackElo "2382"]
[PlyCount "33"]
[EventDate "2014.02.06"]
[EventType "tourn"]
[EventRounds "9"]
[EventCountry "ESP"]
[Source "lmi"]
[SourceDate "2014.02.06"]

1. Nf3 Nf6 2. g3 g6 3. Bg2 Bg7 4. O-O O-O 5. d3 d5 6. Nbd2 c5 7. e4 Nc6 8. c3
e5 9. Re1 Re8 10. exd5 Nxd5 11. Nb3 b6 12. d4 cxd4 13. cxd4 e4 14. Ne5 Nxe5 15.
dxe5 Bb7 16. Bxe4 Rxe5 17. Bd2 1/2-1/2

[Event "2. Cerrado U.E.Montcada 2014"]
[Site "Montcada i Reixac ESP"]
[Date "2014.03.02"]
[Round "8.4"]
[White "Gomez Jurado, Luis Alberto"]
[Black "Luna Cortes, Luis"]
[Result "1-0"]
[WhiteElo "2312"]
[BlackElo "2181"]
[PlyCount "59"]
[EventDate "2014.02.06"]
[EventType "tourn"]
[EventRounds "9"]
[EventCountry "ESP"]
[Source "lmi"]
[SourceDate "2014.02.06"]

1. c4 e5 2. g3 Nc6 3. Nc3 Bc5 4. a3 a5 5. Bg2 d6 6. d3 Nge7 7. e3 O-O 8. Nge2
f6 9. O-O Bg4 10. h3 Bd7 11. d4 Bb6 12. Na4 Ba7 13. c5 dxc5 14. d5 Nb8 15. d6
cxd6 16. Bxb7 Bc6 17. Bxa8 Bxa8 18. Nec3 d5 19. Nb5 Qd7 20. Nxa7 Qxa7 21. b4
axb4 22. axb4 d4 23. bxc5 Nd7 24. exd4 exd4 25. Bf4 Qb7 26. f3 Nf5 27. Qb1 Qd5
28. Nb6 Nxb6 29. cxb6 Nd6 30. Bxd6 1-0

[Event "2. Cerrado U.E.Montcada 2014"]
[Site "Montcada i Reixac ESP"]
[Date "2014.03.02"]
[Round "8.5"]
[White "Ramirez Garcia, Jorge Alberto"]
[Black "Vidarte Morales, Arturo"]
[Result "1/2-1/2"]
[WhiteElo "2302"]
[BlackElo "2320"]
[PlyCount "98"]
[EventDate "2014.02.06"]
[EventType "tourn"]
[EventRounds "9"]
[EventCountry "ESP"]
[Source "lmi"]
[SourceDate "2014.02.06"]

1. e4 c5 2. c3 e6 3. d4 d5 4. exd5 exd5 5. Nf3 Nc6 6. Bb5 Bd6 7. dxc5 Bxc5 8.
O-O Nge7 9. Nbd2 O-O 10. Nb3 Bb6 11. Bg5 Qd6 12. Qd2 h6 13. Bf4 Qf6 14. Rfe1
Bf5 15. Nfd4 Be4 16. Bg3 Rac8 17. Rad1 Rfd8 18. Qf4 Nf5 19. Nxf5 Qxf5 20. Qxf5
Bxf5 21. Bd3 Bxd3 22. Rxd3 d4 23. Kf1 dxc3 24. Rxc3 Rd5 25. Bf4 Rcd8 26. Be3
Bc7 27. Bxa7 Be5 28. Rce3 Bxb2 29. Bb6 Ra8 30. Re8+ Rxe8 31. Rxe8+ Kh7 32. Ke2
Bf6 33. a4 Rh5 34. h3 Rh4 35. Nc5 Rb4 36. a5 Rb2+ 37. Kd3 Rb5 38. Nxb7 Nxa5 39.
Bxa5 Rxb7 40. Bd2 Rb3+ 41. Ke4 Bh4 42. Be3 Rb4+ 43. Kf3 f5 44. Ra8 Bf6 45. Ra5
Kg6 46. g4 fxg4+ 47. hxg4 Rb3 48. Kg2 Rc3 49. Rb5 Ra3 1/2-1/2

[Event "2. Cerrado U.E.Montcada 2014"]
[Site "Montcada i Reixac ESP"]
[Date "2014.03.06"]
[Round "9.1"]
[White "Vidarte Morales, Arturo"]
[Black "Asensio Linan, Teodoro"]
[Result "1/2-1/2"]
[WhiteElo "2320"]
[BlackElo "2199"]
[PlyCount "163"]
[EventDate "2014.02.06"]
[EventType "tourn"]
[EventRounds "9"]
[EventCountry "ESP"]
[Source "lmi"]
[SourceDate "2014.02.06"]

1. d4 e6 2. c4 b6 3. Nf3 Bb7 4. a3 f5 5. g3 Nf6 6. Bg2 Be7 7. O-O O-O 8. d5 Ne4
9. Nc3 Nxc3 10. bxc3 Na6 11. Bf4 Nc5 12. dxe6 dxe6 13. Qxd8 Raxd8 14. Bxc7 Rc8
15. Be5 Nb3 16. Rad1 Bxf3 17. Bxf3 Rfd8 18. Bb7 Rxc4 19. Rxd8+ Bxd8 20. Ba6 Rc5
21. Rd1 Bc7 22. Bd4 Rc6 23. Be3 Kf7 24. Rd7+ Kf6 25. c4 Nc5 26. Bd4+ e5 27.
Bxc5 Rxc5 28. Kg2 e4 29. h3 Be5 30. a4 Rc7 31. Rd5 Rc6 32. g4 g6 33. gxf5 gxf5
34. Rd8 Rc7 35. e3 Rg7+ 36. Kf1 Rf7 37. Bb5 Kg5 38. Rd5 Re7 39. Kg2 f4 40.
exf4+ Kxf4 41. Rd8 Rg7+ 42. Kf1 Bc3 43. Rf8+ Ke5 44. Re8+ Kd4 45. Bc6 Kxc4 46.
Rxe4+ Bd4 47. Bb5+ Kd5 48. Rf4 Rc7 49. Kg2 Rg7+ 50. Kf3 Rg6 51. Bd3 Rg7 52.
Rf5+ Kd6 53. Ke4 Bc5 54. Bc4 Re7+ 55. Kf3 a5 56. Rd5+ Kc7 57. Rh5 Rg7 58. Rh6
Bf8 59. Rh5 Bc5 60. Rh6 Bd4 61. Bd5 Bc5 62. Be6 Bf8 63. Bf5 Rf7 64. Rxh7 Rxh7
65. Bxh7 Kd6 66. Ke4 Ke6 67. f4 Bh6 68. Bg8+ Kf6 69. Bc4 Bf8 70. Bd3 Be7 71.
Kd5 Bb4 72. h4 Bd2 73. f5 Bc3 74. Kc6 Bd4 75. Kd5 Bc5 76. Ke4 Bf2 77. h5 Be1
78. Bb5 Bd2 79. Be8 Bh6 80. Bg6 Bg5 81. Kd5 Bh6 82. Kc4 1/2-1/2

[Event "2. Cerrado U.E.Montcada 2014"]
[Site "Montcada i Reixac ESP"]
[Date "2014.03.06"]
[Round "9.2"]
[White "Luna Cortes, Luis"]
[Black "Ramirez Garcia, Jorge Alberto"]
[Result "1-0"]
[WhiteElo "2181"]
[BlackElo "2302"]
[PlyCount "111"]
[EventDate "2014.02.06"]
[EventType "tourn"]
[EventRounds "9"]
[EventCountry "ESP"]
[Source "lmi"]
[SourceDate "2014.02.06"]

1. d4 e6 2. Nf3 d5 3. g3 b5 4. Bg2 c5 5. O-O Nc6 6. c3 Bb7 7. Nbd2 Nf6 8. Nb3
c4 9. Nbd2 a5 10. Re1 Be7 11. Qc2 b4 12. e4 a4 13. exd5 exd5 14. Ne5 b3 15. Qb1
bxa2 16. Rxa2 Ra6 17. Qc2 Qa8 18. Ndf3 Nd8 19. Nh4 g6 20. Bh6 Ne6 21. Rea1 a3
22. bxa3 Ng8 23. Bc1 f6 24. Ng4 Kf7 25. Ne3 Bd6 26. f4 Ne7 27. Nf3 Bc6 28. Qf2
Rf8 29. Re2 Ng7 30. Nc2 Ra4 31. Rb1 Qc8 32. Qe1 Qd7 33. Nb4 Ba8 34. Nc2 Kg8 35.
Rb6 Nc8 36. Rb1 Kf7 37. Nd2 Ra5 38. Nf1 Bc7 39. Nb4 Rd8 40. Ne3 Ne7 41. Bf3 Qd6
42. Bb2 h5 43. Qf2 h4 44. Rbe1 hxg3 45. hxg3 Nef5 46. Ng2 Re8 47. Rxe8 Nxe8 48.
g4 Ne7 49. Qh4 Ng7 50. Qh7 Qd7 51. Bc1 Bd6 52. f5 Nexf5 53. gxf5 Qxf5 54. Bh6
Bf8 55. Nh4 Qd7 56. Nxg6 1-0

[Event "2. Cerrado U.E.Montcada 2014"]
[Site "Montcada i Reixac ESP"]
[Date "2014.03.06"]
[Round "9.3"]
[White "Sanchez Ibern, Marc"]
[Black "Gomez Jurado, Luis Alberto"]
[Result "1/2-1/2"]
[WhiteElo "2382"]
[BlackElo "2312"]
[PlyCount "20"]
[EventDate "2014.02.06"]
[EventType "tourn"]
[EventRounds "9"]
[EventCountry "ESP"]
[Source "lmi"]
[SourceDate "2014.02.06"]

1. d4 d5 2. Nf3 Nf6 3. Bf4 c5 4. c3 Nc6 5. e3 Qb6 6. Qb3 c4 7. Qc2 Bf5 8. Qc1
h6 9. h3 e6 10. Nbd2 Be7 1/2-1/2

[Event "2. Cerrado U.E.Montcada 2014"]
[Site "Montcada i Reixac ESP"]
[Date "2014.03.06"]
[Round "9.4"]
[White "Dalo, Hermes"]
[Black "Rojas Keim, Luis"]
[Result "1/2-1/2"]
[WhiteElo "2209"]
[BlackElo "2408"]
[PlyCount "97"]
[EventDate "2014.02.06"]
[EventType "tourn"]
[EventRounds "9"]
[EventCountry "ESP"]
[Source "lmi"]
[SourceDate "2014.02.06"]

1. Nf3 e6 2. c4 b6 3. g3 Bb7 4. Bg2 c5 5. Nc3 Nf6 6. O-O d6 7. d4 cxd4 8. Qxd4
Be7 9. Rd1 a6 10. Bg5 Nbd7 11. Qd2 O-O 12. Bf4 Ne8 13. Rac1 h6 14. h4 Rc8 15.
b3 Qc7 16. e4 Ne5 17. Nh2 Nf6 18. Be3 Rfd8 19. f3 Ba8 20. Qf2 Ned7 21. g4 Nh7
22. f4 Qb8 23. g5 hxg5 24. hxg5 b5 25. cxb5 axb5 26. Qg3 b4 27. Na4 Nc5 28.
Nxc5 dxc5 29. Qh3 Rxd1+ 30. Rxd1 Rd8 31. Rc1 Nf8 32. Ng4 Ng6 33. Rf1 Rd3 34.
Nf2 Rc3 35. Nd1 Rc2 36. Bh1 Rxa2 37. f5 Bd6 38. Nf2 exf5 39. exf5 Ne5 40. g6
Bxh1 41. Qh7+ Kf8 42. f6 gxf6 43. g7+ Ke7 44. g8=Q Bd5 45. Qxb8 Nf3+ 46. Kg2
Ng5+ 47. Kg1 Nf3+ 48. Kg2 Ng5+ 49. Kg1 1/2-1/2

[Event "2. Cerrado U.E.Montcada 2014"]
[Site "Montcada i Reixac ESP"]
[Date "2014.03.06"]
[Round "9.5"]
[White "Ryan, Joe"]
[Black "Muñoz Pantoja, Miguel"]
[Result "1/2-1/2"]
[WhiteElo "2263"]
[BlackElo "2462"]
[PlyCount "135"]
[EventDate "2014.02.06"]
[EventType "tourn"]
[EventRounds "9"]
[EventCountry "ESP"]
[Source "lmi"]
[SourceDate "2014.02.06"]

1. d4 c5 2. d5 Nf6 3. c4 e6 4. Nc3 exd5 5. cxd5 d6 6. Nf3 a6 7. e4 Bg4 8. Be2
Bxf3 9. Bxf3 Nbd7 10. Bf4 Be7 11. a4 O-O 12. O-O Rb8 13. a5 Re8 14. Qd2 Bf8 15.
Rfb1 b5 16. axb6 Rxb6 17. Qd3 Qc7 18. Be2 Nb8 19. f3 g6 20. Bf1 Bg7 21. Na4 Rb7
22. Bd2 Nfd7 23. Bc3 Ne5 24. Qc2 Qe7 25. b3 Qg5 26. Kh1 f5 27. exf5 Qxf5 28.
Qxf5 gxf5 29. f4 Ng4 30. Bxg7 Kxg7 31. Bc4 Re4 32. g3 Ne3 33. Nb2 Rd4 34. Nd1
Nxd5 35. Bxd5 Rxd5 36. Ne3 Rd3 37. Nxf5+ Kf6 38. g4 h5 39. Rd1 Rbxb3 40. Nxd6
Rxd1+ 41. Rxd1 hxg4 42. Ne4+ Kf5 43. Nxc5 Rb5 44. Nd3 Rd5 45. Kg2 Nd7 46. h3
gxh3+ 47. Kxh3 Nc5 48. Nb2 Rxd1 49. Nxd1 Kxf4 50. Kg2 Ke4 51. Nc3+ Kd4 52. Ne2+
Kc4 53. Kf1 a5 54. Ke1 Kb3 55. Kd2 Kb2 56. Nc3 Nd7 57. Kd3 Ne5+ 58. Kd4 Kb3 59.
Ne4 Nd7 60. Nd2+ Kc2 61. Kc4 Nb6+ 62. Kb5 a4 63. Nc4 Kb3 64. Na5+ Ka3 65. Kxb6
Kb4 66. Nc6+ Kc4 67. Ka5 a3 68. Nb4 1/2-1/2